000 00270nam a2200121Ia 4500
008 190216s9999||||xx |||||||||||||| ||und||
100 _aSeema Niroopan
245 0 _aHindi-Swastha Jeevan
260 _bShanthi Prakashan
300 _a80
650 _aHindi
942 _cBK
999 _c16288
_d16288